LEADER 01701oas 2200649 a 450 001 9910694580403321 005 20251105213014.0 011 $a1946-6803 035 $a(OCoLC)276604202 035 $a(CONSER) 2008230896 035 $a(CKB)1000000000707976 035 $a(EXLCZ)991000000000707976 100 $a20081128a20009999 sa a 101 0 $aeng 135 $aur||||||||||| 181 $ctxt$2rdacontent 182 $cc$2rdamedia 183 $acr$2rdacarrier 200 00$aEthiopia food security update 210 $a[Washington, D.C.] $c[FEWS NET] 606 $aFood supply$zEthiopia$vPeriodicals 606 $aFamines$zEthiopia$vPeriodicals 606 $aFamines$2fast$3(OCoLC)fst00920590 606 $aFood supply$2fast$3(OCoLC)fst00931196 607 $aEthiopia$2fast$1https://id.oclc.org/worldcat/entity/E39PBJrm4PwJjwQwWdt7T4CJDq 608 $aPeriodicals.$2fast 608 $aPeriodicals.$2lcgft 615 0$aFood supply 615 0$aFamines 615 7$aFamines. 615 7$aFood supply. 676 $a363.8 712 02$aFamine Early Warning System Network 712 02$aUnited States.$bAgency for International Development. 801 0$bGPO 801 1$bGPO 801 2$bDOS 801 2$bNSD 801 2$bGPO 801 2$bNSD 801 2$bOCLCQ 801 2$bOCLCO 801 2$bOCLCA 801 2$bOCLCF 801 2$bOCLCO 801 2$bOCLCQ 801 2$bOCLCA 801 2$bGILDS 801 2$bOCLCO 801 2$bOCLCA 801 2$bOCLCQ 801 2$bOCLCL 801 2$bOCLCQ 906 $aJOURNAL 912 $a9910694580403321 996 $aEthiopia food security update$93219165 997 $aUNINA